000 00478nam a2200157Ia 4500
008 160316s9999 xxu||||| |||| 00| 0 eng d
082 _a344.013400
_bCAC
100 _a
245 _aToiling souls - Interventions for the eradication of child labour, focussing on domestic and hotel sectors
250 _a
260 _aMysore
_bCampaign Against Child Labour
_c0
300 _a27
_b
_c
365 _b
650 _a1. child labour 2. domestic and hotel sectors
700 _a
_a
999 _c33806
_d33806